000 00650nam a2200205 a 4500
001 BRCA_5882
005 20190320205242.0
008 170311s1747----gw-#######---#000-0dspa-#
041 _ager
044 _agw
100 1 _aTrenk, Fren Herrns von.
_914879
245 1 0 _aLeben und Thaten, Des Beltberuhmten herrn Francisci.
260 _aFrandfurth und Leipzig
_c1747
300 _a376 p.
_c17 cm.
500 _aContiene una inscripción al interior de la pasta principal; contiene una hoja casi despegada.
500 _aH125
600 1 4 _aFrancisci.
_cBeltberuhmten Francisci.
_vBiografía
_zLeipzig
_y1747
_914880
902 _aGFM
942 _2lcc
_cB
999 _c5571
_d5571